[Event "DVM U20 2018"]
[Site "Osnabrück GER"]
[Date "2018.12.27"]
[Round "1"]
[White "Kania, Markus"]
[Black "Koll, Lukas"]
[Result "1/2-1/2"]
[Termination "normal"]
[Board "8.2"]
[WhiteElo "1830"]
[BlackElo "1993"]
[WhiteTeam "MTV 1876 Saalfeld"]
[BlackTeam "Karlsruher SF"]
[PlyCount "84"]
[WhiteFideId "12903736"]
[BlackFideId "12969737"]
[EventCountry "GER"]
[EventRounds "7"]
[EventType "team-swiss"]
[EventDate "2018.12.26"]

{[%evp 0,84,19,19,15,32,32,-13,-4,-13,-14,-18,2,7,16,12,3,8,9,-2,-3,3,3,3,3,
-14,-5,-11,-7,-9,-1,0,20,17,39,-7,8,17,8,14,3,18,25,-7,-29,-25,-25,-26,-23,-56,
-61,-61,2,13,21,15,23,20,19,8,8,8,1,0,4,0,22,7,7,-9,-12,-2,0,0,-8,-7,0,0,0,0,0,
0,0,0,0,0,0]} 1. Nf3 d5 2. d4 Nf6 3. c4 e6 4. cxd5 exd5 5. Nc3 c6 6. Bf4 Bd6 7.
Bxd6 Qxd6 8. e3 Bf5 9. Bd3 Bxd3 10. Qxd3 Nbd7 11. O-O O-O 12. Rab1 Rfe8 13. b4
a6 14. Rfc1 Ne4 15. Na4 b5 16. Nc5 f6 17. Nxd7 Qxd7 18. Nd2 Nd6 19. Nb3 Nc4 20.
Nc5 Qf7 21. Ra1 a5 22. a3 Ra7 23. Qc3 Rea8 24. a4 axb4 25. Qxb4 bxa4 26. Rxa4
Rxa4 27. Nxa4 Qa7 28. Nc5 Rb8 29. Qa4 Qxa4 30. Nxa4 Kf7 31. g3 g5 32. h3 f5 33.
g4 Kg6 34. Rc2 h5 35. gxh5+ Kxh5 36. Nc5 Ra8 37. Nd3 Ra6 38. Kg2 Kg6 39. Nb4
Rb6 40. Nd3 Ra6 41. Nb4 Rb6 42. Nd3 Ra6 1/2-1/2

[Event "DVM U20 2018"]
[Site "Osnabrück GER"]
[Date "2018.12.27"]
[Round "1"]
[White "Wegmer, Leon"]
[Black "Ratay, Meike"]
[Result "1/2-1/2"]
[Termination "normal"]
[Board "8.3"]
[WhiteElo "1892"]
[BlackElo "2037"]
[WhiteTeam "Karlsruher SF"]
[BlackTeam "MTV 1876 Saalfeld"]
[PlyCount "67"]
[WhiteFideId "12983748"]
[BlackFideId "12977608"]
[EventCountry "GER"]
[EventRounds "7"]
[EventType "team-swiss"]
[EventDate "2018.12.26"]

{[%evp 0,67,19,31,70,45,75,82,82,70,61,27,54,42,32,46,32,33,43,-9,19,-1,36,4,6,
-5,17,18,50,-6,-10,-19,0,-9,19,-1,11,-12,-7,-24,-2,-24,-31,-30,-10,-18,0,-28,
-39,-79,-79,-79,-79,-98,-110,-153,-46,-56,-34,-218,-210,-251,-247,-261,-206,
-206,-198,-123,-248,-623]} 1. e4 c5 2. Nf3 d6 3. d4 Nf6 4. Nc3 cxd4 5. Nxd4 a6
6. Be2 e5 7. Nb3 Be7 8. O-O O-O 9. Kh1 Be6 10. Be3 Qc7 11. Qd3 Nbd7 12. Nd5
Bxd5 13. exd5 Nb6 14. Bxb6 Qxb6 15. c4 Nd7 16. Bg4 Rad8 17. f4 Bf6 18. Bf5 h6
19. Qh3 Nc5 20. Rab1 Nxb3 21. axb3 Rde8 22. fxe5 Rxe5 23. Bc2 Qe3 24. Rf3 Qe1+
25. Rf1 Qd2 26. Bd3 Rfe8 27. Qg3 Rg5 28. Qf3 Qe3 29. Rbe1 Qxe1 30. Rxe1 Rxe1+
31. Bf1 Rge5 32. g3 R5e3 33. Qf2 Bd4 34. Qf4 1/2-1/2

[Event "DVM U20 2018"]
[Site "Osnabrück GER"]
[Date "2018.12.27"]
[Round "1"]
[White "Grund, Melanie"]
[Black "Wiesner, Alexander"]
[Result "0-1"]
[Termination "normal"]
[Board "8.4"]
[WhiteElo "1748"]
[BlackElo "1939"]
[WhiteTeam "MTV 1876 Saalfeld"]
[BlackTeam "Karlsruher SF"]
[PlyCount "82"]
[WhiteFideId "12988804"]
[BlackFideId "12943991"]
[EventCountry "GER"]
[EventRounds "7"]
[EventType "team-swiss"]
[EventDate "2018.12.26"]

{[%evp 0,82,21,20,30,30,77,-4,-4,-10,-1,-35,7,55,52,27,18,-47,8,-19,49,-36,50,
49,49,57,63,10,-3,0,0,-67,-52,-164,-285,-349,-356,-401,-401,-387,-419,-449,
-357,-357,-357,-357,-348,-343,-343,-336,-339,-344,-344,-355,-339,-334,-306,
-339,-334,-334,-334,-364,-356,-367,-364,-364,-340,-339,-326,-334,-326,-337,
-328,-328,-329,-328,-289,-346,-353,-446,-377,-413,-413,-413,-413]} 1. d4 Nf6 2.
Nf3 c5 3. c4 cxd4 4. Nxd4 e5 5. Nb5 d5 6. cxd5 Bc5 7. e3 O-O 8. Be2 Bf5 9. O-O
Nbd7 10. N5c3 e4 11. Nd2 Ne5 12. Nb3 Bb6 13. Na4 Bc7 14. Nd4 Bg6 15. Nc5 Qxd5
16. Qc2 Rac8 17. Rd1 Nd3 18. g3 Bb6 19. b4 Nxb4 20. Qa4 Qxc5 21. Ba3 a5 22.
Rac1 Qe5 23. Bxb4 axb4 24. Qxb4 Bxd4 25. Rxc8 Rxc8 26. Rxd4 Qc7 27. Rc4 Qd7 28.
Rd4 Qc7 29. Rc4 Qb8 30. Rd4 h6 31. h3 Bf5 32. g4 Be6 33. Bc4 Bxc4 34. Rxc4 Rd8
35. Rd4 Re8 36. a4 Qc7 37. Rc4 Qe7 38. Qb5 Rd8 39. Qb3 Nh7 40. Qc2 Ng5 41. Rc8
Nxh3+ 0-1

[Event "DVM U20 2018"]
[Site "Osnabrück GER"]
[Date "2018.12.27"]
[Round "1"]
[White "Fidlin, Simon"]
[Black "Lorenz, Anouk"]
[Result "1-0"]
[Termination "normal"]
[Board "8.5"]
[WhiteElo "1893"]
[BlackElo "1413"]
[WhiteTeam "Karlsruher SF"]
[BlackTeam "MTV 1876 Saalfeld"]
[PlyCount "79"]
[WhiteFideId "16217535"]
[BlackFideId "12990256"]
[EventCountry "GER"]
[EventRounds "7"]
[EventType "team-swiss"]
[EventDate "2018.12.26"]

{normal} 1. e4 c5 2. Nf3 Nc6 3. d4 cxd4 4. Nxd4 g6 5. c4 Bg7 6. Be3 Nf6 7. Nc3
O-O 8. Be2 d6 9. f3 Nxd4 10. Bxd4 Be6 11. O-O Qc7 12. b3 Nh5 13. Bxg7 Nxg7 14.
Rc1 a6 15. Qd2 Rac8 16. Rfe1 Nh5 17. Kh1 Nf6 18. f4 Qc6 19. Bf3 Qc7 20. Qe3 Qc5
21. e5 Qxe3 22. Rxe3 dxe5 23. fxe5 Ng4 24. Re2 b6 25. h3 Nh6 26. Bb7 Rc7 27.
Bxa6 Rd8 28. Bb5 Nf5 29. Kh2 Rcc8 30. Ree1 Nd4 31. Rcd1 Nxb5 32. Nxb5 Rxd1 33.
Rxd1 Kf8 34. Kg3 Ke8 35. Kf4 Bf5 36. g4 Be6 37. Kg5 Kf8 38. Kh6 Kg8 39. Nc7 Rf8
40. a4 1-0

[Event "DVM U20 2018"]
[Site "Osnabrück GER"]
[Date "2018.12.27"]
[Round "1"]
[White "Lorenz, Keana"]
[Black "Grining, Maria"]
[Result "0-1"]
[Termination "normal"]
[Board "8.6"]
[WhiteElo "1459"]
[BlackElo "1618"]
[WhiteTeam "MTV 1876 Saalfeld"]
[BlackTeam "Karlsruher SF"]
[PlyCount "80"]
[WhiteFideId "12990248"]
[BlackFideId "16235037"]
[EventCountry "GER"]
[EventRounds "7"]
[EventType "team-swiss"]
[EventDate "2018.12.26"]

{unterminated} 1. e4 c6 2. d4 d5 3. exd5 cxd5 4. Bd3 Nc6 5. c3 Nf6 6. h3 e6 7.
Nf3 Bd6 8. O-O Bd7 9. Re1 Qc7 10. b4 h6 11. b5 Na5 12. Qe2 Nc4 13. a4 Rc8 14.
Ne5 Be7 15. Nd2 Nd6 16. Bb2 O-O 17. Rac1 a6 18. c4 dxc4 19. Ndxc4 axb5 20. axb5
Nxc4 21. Bxc4 Qd6 22. Rcd1 Qb4 23. Bd3 Bd6 24. Bc1 Be8 25. Ng4 Nxg4 26. Qxg4
Rxc1 27. Rxc1 Bxb5 28. Rb1 Qa5 29. Rxb5 Qxe1+ 30. Bf1 Rb8 31. Rh5 Qd2 32. g3
Ra8 33. Kg2 Ra2 34. Qf3 Qxd4 35. Rb5 Bc5 36. Be2 b6 37. Rb3 Qe5 38. Qc6 Rxe2
39. Qe8+ Kh7 40. Rf3 Qd5 0-1